Keravan kaupunginosat - Statistics

Yleistilastot
  • Tätä visaa on pelattu 76 kertaa
  • Keskiarvotulos 6 / 10
Vastaustilastot
Vastaus % Oikein
Ahjo
82%
Savio
82%
Keskusta
76%
Kaleva
61%
Alikerava
57%
Sompio
57%
Ylikerava
57%
Kilta
53%
Jokivarsi
18%
Kaskela
18%
Ehtoja vastaavia visoja ei löytynyt
Tulosjakauma
Jokaisen tuloksen saaneiden osuus
Persentiili vastausten määrän mukaan
Tuloshistoriasi
Et ole pelannut tätä visaa